000 00779nam a22001577a 4500
003 OSt
005 20150918170314.0
008 150918b xxu||||| |||| 00| 0 eng d
040 _cRUA
082 _aAGR KON 2005 B032 Or.1
100 _9800
_aKONG NAY
245 _aEffect of three kinds of liquid composts on green mustard under condition of greenhouse at royal university of agriculture,(ប្រសិទ្ធភាពជីកំប៉ុស្តទឹកបីប្រភេទលើដំណាំស្ពៃខៀវក្នុងលក្ខខណ្ឌផ្ទះពិសោធន៍ នែសាកលវិទ្យាល័យភូមិន្ទកសិកម្ម)
260 _aphnom penh
_bRUA
_c2005
300 _axi,49p.
_cill.
_g29cm.
942 _2ddc
_cAGR
999 _c772
_d772